| 000 | 01155cam a2200313 i 4500 | ||
|---|---|---|---|
| 001 | bg | ||
| 003 | BPK | ||
| 005 | 20220323105641.0 | ||
| 008 | 080409s1962 pl a f |000 0 pol | ||
| 015 | _aPB 1962/3105 | ||
| 040 |
_aWA N _cWA N |
||
| 041 | 1 |
_apol _hrus |
|
| 080 | _a678.7 | ||
| 100 | 1 | _aFrejdlina, Rahil' Hackeleva. | |
| 245 | 1 | 0 |
_aTelomeryzacja : _bnowa metoda otrzymywania związków wielkocząsteczkowych / _cR. Ch. Frejdlina, A. Sz. Karapetian ; tł. Stefan Chudzyński. |
| 246 | 1 |
_iTyt. oryg.: _aTelomerizaciâ i novye sintetičeskie materialy. |
|
| 260 |
_aWarszawa : _bWydawnictwa Naukowo-Techniczne, _c1962. |
||
| 300 |
_a85, [3] s. : _bil. ; _c24 cm. |
||
| 490 | 1 | _aTworzywa Sztuczne. | |
| 504 | _aBibliogr. | ||
| 650 | 4 | _aTworzywa sztuczne | |
| 650 | 4 | _aPolimery | |
| 700 | 1 | _aKarapetân, Šavah Avetisovič. | |
| 710 | 2 |
_aWydawnictwa Naukowo-Techniczne _4pbl. |
|
| 700 | 1 |
_aChudzyński, Stefan _eTłumaczenie |
|
| 856 |
_uhttp://koha.tu.koszalin.pl/cgi-bin/koha/opac-detail.pl?biblionumber=19743 _yKatalog online BPK |
||
| 830 | 0 | _aTworzywa Sztuczne | |
| 942 |
_2UKD _cKS |
||
| 999 |
_c19743 _d19743 |
||